[Event "Bundesliga 0102"]
[Site "Deutschland"]
[Date "2002.02.02"]
[Round "6.7"]
[White "Naumann, Alexander"]
[Black "Heissler, Jakob"]
[Result "1-0"]
[WhiteElo "2480"]
[BlackElo "2437"]
[PlyCount "53"]
[EventDate "2001.10.06"]
[EventType "team"]
[EventRounds "15"]
[EventCountry "GER"]
[SourceTitle "Bundesliga 0102"]
[Source "DeepChess"]
[SourceDate "2005.01.01"]
[SourceVersion "1"]
[SourceVersionDate "2005.01.01"]
[SourceQuality "1"]
[WhiteTeam "SG 1868 Aljech. Solingen"]
[BlackTeam "SAbt SV Werder Bremen"]
[WhiteTeamCountry "GER"]
[BlackTeamCountry "GER"]

1. d4 Nf6 2. c4 d6 3. Nc3 Nbd7 4. Nf3 c6 5. e4 e5 6. Be2 Be7 7. O-O O-O 8. Be3
a6 9. d5 cxd5 10. cxd5 Ne8 11. a4 g6 12. Nd2 f5 13. exf5 gxf5 14. f4 Bf6 15.
Nc4 e4 16. Kh1 Nc5 17. Ra3 a5 18. Nb5 b6 19. Bh5 Be7 20. Bxe8 Rxe8 21. Bd4 Bf6
22. Rg3+ Kh8 23. Nc7 Bd7 24. Nxa8 Bxa4 25. Qd2 Nb3 26. Rxb3 Bxb3 27. Naxb6 1-0

[Event "Bundesliga 0102"]
[Site "Deutschland"]
[Date "2002.02.02"]
[Round "6.8"]
[White "Asendorf, Joachim"]
[Black "Schaefer, Markus"]
[Result "0-1"]
[WhiteElo "2297"]
[BlackElo "2403"]
[PlyCount "53"]
[EventDate "2001.10.06"]
[EventType "team"]
[EventRounds "15"]
[EventCountry "GER"]
[SourceTitle "Bundesliga 0102"]
[Source "DeepChess"]
[SourceDate "2005.01.01"]
[SourceVersion "1"]
[SourceVersionDate "2005.01.01"]
[SourceQuality "1"]
[WhiteTeam "SAbt SV Werder Bremen"]
[BlackTeam "SG 1868 Aljech. Solingen"]
[WhiteTeamCountry "GER"]
[BlackTeamCountry "GER"]

1. c4 Nf6 2. Nc3 g6 3. g3 Bg7 4. Bg2 O-O 5. d3 c6 6. Bg5 h6 7. Bd2 e5 8. e4 Na6
9. Be3 d6 10. h3 Nc7 11. Qd2 Kh7 12. d4 exd4 13. Bxd4 Be6 14. b3 d5 15. cxd5
cxd5 16. e5 Ne4 17. Nxe4 dxe4 18. Rd1 Qe7 19. Bxe4 Rfd8 20. f4 Rd7 21. Nf3 Rad8
22. Ke2 Nb5 23. Qe3 Qb4 24. Bb2 Bc4+ 25. bxc4 Qxb2+ 26. Rd2 Nc3+ 27. Ke1 0-1

[Event "Bundesliga 0102"]
[Site "Deutschland"]
[Date "2002.02.02"]
[Round "6.1"]
[White "Van Mil, Johannes A J"]
[Black "Lamprecht, Frank"]
[Result "1-0"]
[WhiteElo "2416"]
[BlackElo "2399"]
[PlyCount "82"]
[EventDate "2001.10.06"]
[EventType "team"]
[EventRounds "15"]
[EventCountry "GER"]
[SourceTitle "Bundesliga 0102"]
[Source "DeepChess"]
[SourceDate "2005.01.01"]
[SourceVersion "1"]
[SourceVersionDate "2005.01.01"]
[SourceQuality "1"]
[WhiteTeam "SGEM Heiligenhaus 1937 e. V."]
[BlackTeam "SC Koenigsspringer 1984 Hamburg"]
[WhiteTeamCountry "GER"]
[BlackTeamCountry "GER"]

1. e4 e6 2. d3 d5 3. Nd2 Nf6 4. Ngf3 Nc6 5. c3 e5 6. b4 a6 7. Bb2 Bg4 8. a3 Be7
9. Qc2 O-O 10. h3 Bxf3 11. Nxf3 Re8 12. Be2 Bf8 13. O-O g6 14. Rfe1 Bg7 15. Bf1
Qd7 16. a4 dxe4 17. dxe4 h6 18. b5 axb5 19. axb5 Na5 20. c4 Nh7 21. Nxe5 Bxe5
22. Bxe5 Rxe5 23. Qc3 Rae8 24. Red1 Qe7 25. Rxa5 Rxe4 26. Ra7 b6 27. c5 bxc5
28. b6 Rb4 29. bxc7 Rc8 30. Ba6 Ra4 31. Qb3 Rxa6 32. Rxa6 Qxc7 33. Rxg6+ Kf8
34. Rxh6 Kg7 35. Rhd6 c4 36. Qc3+ Kg8 37. Rd7 Qb6 38. Qg3+ Kf8 39. Qa3+ Kg8 40.
Qg3+ Kf8 41. Qh4 Qg6 1-0

[Event "Bundesliga 0102"]
[Site "Deutschland"]
[Date "2002.02.02"]
[Round "6.3"]
[White "Dutreeuw, Marc"]
[Black "Hochgraefe, Markus"]
[Result "1-0"]
[WhiteElo "2390"]
[BlackElo "2334"]
[PlyCount "57"]
[EventDate "2001.10.06"]
[EventType "team"]
[EventRounds "15"]
[EventCountry "GER"]
[SourceTitle "Bundesliga 0102"]
[Source "DeepChess"]
[SourceDate "2005.01.01"]
[SourceVersion "1"]
[SourceVersionDate "2005.01.01"]
[SourceQuality "1"]
[WhiteTeam "SGEM Heiligenhaus 1937 e. V."]
[BlackTeam "SC Koenigsspringer 1984 Hamburg"]
[WhiteTeamCountry "GER"]
[BlackTeamCountry "GER"]

1. e4 e6 2. d4 d5 3. Nc3 Bb4 4. e5 Ne7 5. a3 Bxc3+ 6. bxc3 c5 7. Qg4 O-O 8. Bd3
Nbc6 9. Qh5 Ng6 10. Nf3 Qc7 11. Be3 c4 12. Bxg6 fxg6 13. Qg4 Qf7 14. Ng5 Qe8
15. h4 h6 16. Nh3 Ne7 17. h5 gxh5 18. Qe2 Qg6 19. Nf4 Qg4 20. Nxh5 Qxe2+ 21.
Kxe2 Rf7 22. g4 Kf8 23. Rag1 Bd7 24. g5 hxg5 25. Bxg5 Re8 26. Nf6 Ng6 27. Nh7+
Kg8 28. Be3 Ne7 29. Nf6+ 1-0

[Event "Bundesliga 0102"]
[Site "Deutschland"]
[Date "2002.02.02"]
[Round "6.4"]
[White "Trisic, Alexandar"]
[Black "Berkvens, Joost"]
[Result "0-1"]
[WhiteElo "2316"]
[BlackElo "2444"]
[PlyCount "41"]
[EventDate "2001.10.06"]
[EventType "team"]
[EventRounds "15"]
[EventCountry "GER"]
[SourceTitle "Bundesliga 0102"]
[Source "DeepChess"]
[SourceDate "2005.01.01"]
[SourceVersion "1"]
[SourceVersionDate "2005.01.01"]
[SourceQuality "1"]
[WhiteTeam "SC Koenigsspringer 1984 Hamburg"]
[BlackTeam "SGEM Heiligenhaus 1937 e. V."]
[WhiteTeamCountry "GER"]
[BlackTeamCountry "GER"]

1. d4 d5 2. c4 dxc4 3. Nf3 Nf6 4. e3 e6 5. Bxc4 c5 6. O-O a6 7. Qe2 Nc6 8. dxc5
Bxc5 9. a3 b5 10. Ba2 Bb7 11. b4 Bd6 12. Bb2 Qb8 13. Nbd2 Ne5 14. Rac1 O-O 15.
Nd4 Nc4 16. Nxc4 Bxh2+ 17. Kh1 bxc4 18. f4 Bg3 19. Bxc4 h5 20. Nb3 Ng4 21. Nc5
0-1

[Event "Bundesliga 0102"]
[Site "Deutschland"]
[Date "2002.02.02"]
[Round "6.5"]
[White "Schmitz, Andreas Arnold"]
[Black "Voigt, Martin"]
[Result "0-1"]
[WhiteElo "2185"]
[BlackElo "2300"]
[PlyCount "98"]
[EventDate "2001.10.06"]
[EventType "team"]
[EventRounds "15"]
[EventCountry "GER"]
[SourceTitle "Bundesliga 0102"]
[Source "DeepChess"]
[SourceDate "2005.01.01"]
[SourceVersion "1"]
[SourceVersionDate "2005.01.01"]
[SourceQuality "1"]
[WhiteTeam "SGEM Heiligenhaus 1937 e. V."]
[BlackTeam "SC Koenigsspringer 1984 Hamburg"]
[WhiteTeamCountry "GER"]
[BlackTeamCountry "GER"]

1. e4 c6 2. f4 d5 3. d3 Nf6 4. e5 Nfd7 5. d4 e6 6. Nf3 c5 7. c3 Nc6 8. g3 Qb6
9. Bh3 Be7 10. Kf1 O-O 11. Kg2 f5 12. Rg1 a5 13. g4 cxd4 14. cxd4 a4 15. gxf5
exf5 16. Nc3 a3 17. bxa3 Qa5 18. Qb3 Nb6 19. Bd2 Nc4 20. Be1 Be6 21. Qxb7 Rfc8
22. Qb1 Rab8 23. Qd3 Qxa3 24. Kh1 Nb4 25. Qe2 Qb2 26. Qxb2 Nxb2 27. Nd1 N4d3
28. Ne3 Rf8 29. Bh4 Nc4 30. Nxc4 Bxh4 31. Ne3 Bf2 32. Ng5 Bxe3 33. Nxe6 Bxg1
34. Rxg1 Nf2+ 35. Kg2 Nxh3 36. Kxh3 Rf7 37. Ng5 Ra7 38. Rg2 h6 39. Ne6 Rb6 40.
Nc5 Ra3+ 41. Kh4 Rf3 42. e6 Rxf4+ 43. Kh5 Rxd4 44. e7 Kf7 45. Rxg7+ Ke8 46. a4
Rc6 47. Nb7 Rxa4 48. h4 f4 49. Kg4 Rf6 0-1

[Event "Bundesliga 0102"]
[Site "Deutschland"]
[Date "2002.02.02"]
[Round "6.6"]
[White "Von Buelow, Georg"]
[Black "Lindner, Arnd"]
[Result "1-0"]
[WhiteElo "2298"]
[BlackElo "2120"]
[PlyCount "111"]
[EventDate "2001.10.06"]
[EventType "team"]
[EventRounds "15"]
[EventCountry "GER"]
[SourceTitle "Bundesliga 0102"]
[Source "DeepChess"]
[SourceDate "2005.01.01"]
[SourceVersion "1"]
[SourceVersionDate "2005.01.01"]
[SourceQuality "1"]
[WhiteTeam "SC Koenigsspringer 1984 Hamburg"]
[BlackTeam "SGEM Heiligenhaus 1937 e. V."]
[WhiteTeamCountry "GER"]
[BlackTeamCountry "GER"]

1. e4 c5 2. Nf3 Nc6 3. d4 cxd4 4. Nxd4 Nf6 5. Nc3 e5 6. Ndb5 d6 7. Bg5 a6 8.
Na3 b5 9. Bxf6 gxf6 10. Nd5 f5 11. c3 Bg7 12. exf5 Bxf5 13. Nc2 Be6 14. Nce3
O-O 15. Bd3 f5 16. Qh5 e4 17. Bc2 Ne7 18. Rd1 Ng6 19. g4 f4 20. Nf5 Bxf5 21.
gxf5 Qh4 22. Qxh4 Nxh4 23. Nxf4 Rxf5 24. Ne6 d5 25. Bb3 Re8 26. Rxd5 Kh8 27.
Rxf5 Nxf5 28. Nc7 Rd8 29. Nxa6 e3 30. fxe3 Nxe3 31. Ke2 Bh6 32. Rg1 Nc4 33.
Bxc4 Rd2+ 34. Kf3 bxc4 35. Rg2 Rd1 36. Nb4 Bg7 37. Nc6 Rd5 38. Re2 h5 39. Nb4
Ra5 40. Re4 Rf5+ 41. Rf4 Rc5 42. Ke4 Re5+ 43. Kd4 Rf5+ 44. Ke4 Re5+ 45. Kf3 Rc5
46. Rf7 Kg8 47. Rb7 Rf5+ 48. Kg2 Rg5+ 49. Kh3 Rg1 50. Nd5 Re1 51. Re7 Rb1 52.
Re2 Rf1 53. Kh4 Kh7 54. Kg3 Kg6 55. Kg2 Ra1 56. a3 1-0

[Event "Bundesliga 0102"]
[Site "Deutschland"]
[Date "2002.02.02"]
[Round "6.7"]
[White "Perschke, Ulrich"]
[Black "Berger, Steve"]
[Result "1-0"]
[WhiteElo "2216"]
[BlackElo "2311"]
[PlyCount "107"]
[EventDate "2001.10.06"]
[EventType "team"]
[EventRounds "15"]
[EventCountry "GER"]
[SourceTitle "Bundesliga 0102"]
[Source "DeepChess"]
[SourceDate "2005.01.01"]
[SourceVersion "1"]
[SourceVersionDate "2005.01.01"]
[SourceQuality "1"]
[WhiteTeam "SGEM Heiligenhaus 1937 e. V."]
[BlackTeam "SC Koenigsspringer 1984 Hamburg"]
[WhiteTeamCountry "GER"]
[BlackTeamCountry "GER"]

1. g3 c5 2. c4 Nc6 3. Bg2 g6 4. Nc3 Bg7 5. e3 e5 6. Nge2 Nge7 7. O-O O-O 8. b3
d6 9. Bb2 Be6 10. Nd5 f5 11. d4 cxd4 12. exd4 e4 13. Nef4 Bf7 14. Qd2 g5 15.
Nxe7+ Nxe7 16. Ne2 Ng6 17. f3 d5 18. fxe4 fxe4 19. cxd5 Qxd5 20. Rad1 Rad8 21.
Qe3 Rfe8 22. Rf2 Qd6 23. Rdf1 Nh8 24. Qxg5 Bg6 25. Qe3 Qa6 26. Nf4 Qxa2 27.
Nxg6 Nxg6 28. Bxe4 Qxb2 29. Rxb2 Bxd4 30. Qxd4 Rxd4 31. Bxb7 Kg7 32. Kg2 a5 33.
Bc6 Rb8 34. Ra1 Ne5 35. Ba4 Rbd8 36. Re2 Rd2 37. Ra2 Rxa2 38. Rxa2 Rd3 39. Rf2
Ng4 40. Re2 Kf6 41. Kh3 Kg5 42. Rc2 h5 43. Rc5+ Kh6 44. Be8 Nf6 45. Bf7 Rd7 46.
Bc4 Rd2 47. Bf7 Rd7 48. Be6 Rd6 49. Bf5 Rd5 50. Rxd5 Nxd5 51. Kh4 Ne3 52. Be4
Nf1 53. Bf3 Nxh2 54. Be2 1-0

[Event "Bundesliga 0102"]
[Site "Deutschland"]
[Date "2002.02.02"]
[Round "6.8"]
[White "Wendt, Jan Dietrich"]
[Black "Van Beers, Eddy"]
[Result "0-1"]
[WhiteElo "2285"]
[BlackElo "2323"]
[PlyCount "94"]
[EventDate "2001.10.06"]
[EventType "team"]
[EventRounds "15"]
[EventCountry "GER"]
[SourceTitle "Bundesliga 0102"]
[Source "DeepChess"]
[SourceDate "2005.01.01"]
[SourceVersion "1"]
[SourceVersionDate "2005.01.01"]
[SourceQuality "1"]
[WhiteTeam "SC Koenigsspringer 1984 Hamburg"]
[BlackTeam "SGEM Heiligenhaus 1937 e. V."]
[WhiteTeamCountry "GER"]
[BlackTeamCountry "GER"]

1. d4 f5 2. Nc3 d5 3. Bf4 c6 4. e3 Nf6 5. Bd3 g6 6. Nf3 Bg7 7. O-O Be6 8. Ne2
Nbd7 9. h3 Bf7 10. Rc1 O-O 11. c4 h6 12. Bh2 Re8 13. cxd5 Nxd5 14. e4 fxe4 15.
Bxe4 e5 16. dxe5 Nxe5 17. Nxe5 Bxe5 18. Bxe5 Rxe5 19. Ng3 Qe7 20. Qd4 Nf6 21.
Bb1 a6 22. Rfd1 Re8 23. Nf1 Nd5 24. a3 Qf6 25. Ba2 Nf4 26. Bxf7+ Qxf7 27. Ng3
h5 28. Kh2 h4 29. Nf1 Ne2 30. Qxh4 Nxc1 31. Rxc1 Re4 32. Qg3 Qf4 33. Ne3 Qxg3+
34. Kxg3 Rd4 35. Rc5 Kf7 36. Nc4 Ree4 37. Ne5+ Kf6 38. Ng4+ Kg7 39. Rc3 Rd5 40.
f4 Re2 41. b4 a5 42. Kf3 axb4 43. axb4 Rb2 44. Re3 Rxb4 45. Re7+ Kf8 46. Rh7
Rd3+ 47. Ke2 Ra3 0-1

[Event "Bundesliga 0102"]
[Site "Deutschland"]
[Date "2002.??.??"]
[Round "6.1"]
[White "Rozentalis, Eduardas"]
[Black "Lutz, Christopher"]
[Result "1/2-1/2"]
[WhiteElo "2588"]
[BlackElo "2643"]
[PlyCount "71"]
[EventDate "2001.10.06"]
[EventType "team"]
[EventRounds "15"]
[EventCountry "GER"]
[SourceTitle "Bundesliga 0102"]
[Source "DeepChess"]
[SourceDate "2005.01.01"]
[SourceVersion "1"]
[SourceVersionDate "2005.01.01"]
[SourceQuality "1"]
[WhiteTeam "SV Castrop Rauxel 1923"]
[BlackTeam "SG Porz e.V."]
[WhiteTeamCountry "GER"]
[BlackTeamCountry "GER"]

1. e4 c5 2. c3 d5 3. exd5 Qxd5 4. d4 Nf6 5. Nf3 Bg4 6. dxc5 Qxc5 7. Na3 a6 8.
Be3 Qc7 9. Qa4+ Nc6 10. O-O-O e6 11. Nb5 Qb8 12. Nbd4 Qc8 13. Nxc6 Qxc6 14.
Qxc6+ bxc6 15. Rd4 Bc5 16. Ra4 Bxe3+ 17. fxe3 Bxf3 18. gxf3 a5 19. e4 Nd7 20.
Rg1 g6 21. Rg5 e5 22. Rc4 f6 23. Rg1 Ra6 24. Bh3 Ke7 25. Rd1 Rd8 26. Kc2 Nb8
27. Bf1 Rxd1 28. Kxd1 Nd7 29. Kc2 c5 30. Bh3 Rc6 31. Bxd7 Kxd7 32. Ra4 Ra6 33.
Kd3 Rd6+ 34. Ke3 Ra6 35. b4 Kc6 36. bxc5 1/2-1/2

[Event "Bundesliga 0102"]
[Site "Deutschland"]
[Date "2002.02.02"]
[Round "6.2"]
[White "Khalifman, Alexander"]
[Black "Doettling, Fabian"]
[Result "1/2-1/2"]
[WhiteElo "2699"]
[BlackElo "2518"]
[PlyCount "57"]
[EventDate "2001.10.06"]
[EventType "team"]
[EventRounds "15"]
[EventCountry "GER"]
[SourceTitle "Bundesliga 0102"]
[Source "DeepChess"]
[SourceDate "2005.01.01"]
[SourceVersion "1"]
[SourceVersionDate "2005.01.01"]
[SourceQuality "1"]
[WhiteTeam "SG Porz e.V."]
[BlackTeam "SV Castrop Rauxel 1923"]
[WhiteTeamCountry "GER"]
[BlackTeamCountry "GER"]

1. d4 d5 2. c4 e6 3. Nc3 Be7 4. cxd5 exd5 5. Bf4 c6 6. e3 Bf5 7. Nge2 Nd7 8.
Ng3 Bg6 9. Be2 Ngf6 10. h4 h5 11. a3 a5 12. Rc1 Kf8 13. O-O Kg8 14. f3 Nb6 15.
Bd3 Bxd3 16. Qxd3 g6 17. Nge2 Ne8 18. g3 Qd7 19. e4 Bf6 20. Rce1 Ng7 21. Bc1
Ne6 22. e5 Be7 23. Nf4 Re8 24. Kg2 Nxf4+ 25. Bxf4 Bd8 26. Bd2 Nc8 27. Ne2 Ne7
28. Bg5 Nf5 29. Bd2 1/2-1/2

[Event "Bundesliga 0102"]
[Site "Deutschland"]
[Date "2002.02.02"]
[Round "6.3"]
[White "Appel, Ralf"]
[Black "Vaganian, Rafael A"]
[Result "0-1"]
[WhiteElo "2512"]
[BlackElo "2650"]
[PlyCount "70"]
[EventDate "2001.10.06"]
[EventType "team"]
[EventRounds "15"]
[EventCountry "GER"]
[SourceTitle "Bundesliga 0102"]
[Source "DeepChess"]
[SourceDate "2005.01.01"]
[SourceVersion "1"]
[SourceVersionDate "2005.01.01"]
[SourceQuality "1"]
[WhiteTeam "SV Castrop Rauxel 1923"]
[BlackTeam "SG Porz e.V."]
[WhiteTeamCountry "GER"]
[BlackTeamCountry "GER"]

1. Nf3 Nf6 2. g3 d5 3. Bg2 e6 4. O-O Be7 5. d3 b6 6. e4 dxe4 7. dxe4 Qxd1 8.
Rxd1 Bb7 9. Bf4 O-O 10. Nc3 Rc8 11. Nd4 Ne8 12. e5 Bxg2 13. Kxg2 Rd8 14. a4 g5
15. Be3 c5 16. Nf3 g4 17. Nd2 Nc6 18. Nc4 Nb4 19. Rdc1 Ng7 20. Ne4 Nf5 21. c3
Nd3 22. Rf1 Rd5 23. Nf6+ Bxf6 24. exf6 Rad8 25. h3 Nxb2 26. Nxb2 Nxe3+ 27. fxe3
Rd2+ 28. Rf2 gxh3+ 29. Kg1 Rxf2 30. Kxf2 Rd2+ 31. Kf3 Rxb2 32. Rd1 h6 33. Kg4
h2 34. Kh5 Kh7 35. g4 Rg2 0-1

[Event "Bundesliga 0102"]
[Site "Deutschland"]
[Date "2002.02.02"]
[Round "6.4"]
[White "Hansen, Curt"]
[Black "Seul, Georg"]
[Result "1-0"]
[WhiteElo "2626"]
[BlackElo "2427"]
[PlyCount "81"]
[EventDate "2001.10.06"]
[EventType "team"]
[EventRounds "15"]
[EventCountry "GER"]
[SourceTitle "Bundesliga 0102"]
[Source "DeepChess"]
[SourceDate "2005.01.01"]
[SourceVersion "1"]
[SourceVersionDate "2005.01.01"]
[SourceQuality "1"]
[WhiteTeam "SG Porz e.V."]
[BlackTeam "SV Castrop Rauxel 1923"]
[WhiteTeamCountry "GER"]
[BlackTeamCountry "GER"]

1. d4 Nf6 2. c4 e6 3. Nf3 Bb4+ 4. Bd2 Qe7 5. g3 Nc6 6. Nc3 d5 7. a3 Bxc3 8.
Bxc3 O-O 9. Bg2 Rd8 10. O-O a5 11. Qc2 Ne4 12. Rfd1 Bd7 13. Be1 Nd6 14. cxd5
exd5 15. Ne5 Bf5 16. Qc5 Ne4 17. Qxe7 Nxe7 18. Rdc1 c6 19. a4 f6 20. Nd3 Nd6
21. Ra3 Be4 22. f3 Bg6 23. g4 h5 24. h3 Bf7 25. Bg3 Nec8 26. Rb3 Re8 27. Kf2
Re7 28. Nc5 g5 29. e3 f5 30. Be5 Ra7 31. gxf5 Nxf5 32. Bf6 Re8 33. Bxg5 Ncd6
34. Nd7 Re6 35. Ne5 Nc4 36. Bf4 Nfd6 37. h4 Nxe5 38. Bxe5 Nc4 39. Bh3 Rg6 40.
Bb8 Ra8 41. Rxb7 1-0

[Event "Bundesliga 0102"]
[Site "Deutschland"]
[Date "2002.02.02"]
[Round "6.5"]
[White "Hoffmann, Michael"]
[Black "Graf, Alexander"]
[Result "0-1"]
[WhiteElo "2448"]
[BlackElo "2610"]
[PlyCount "76"]
[EventDate "2001.10.06"]
[EventType "team"]
[EventRounds "15"]
[EventCountry "GER"]
[SourceTitle "Bundesliga 0102"]
[Source "DeepChess"]
[SourceDate "2005.01.01"]
[SourceVersion "1"]
[SourceVersionDate "2005.01.01"]
[SourceQuality "1"]
[WhiteTeam "SV Castrop Rauxel 1923"]
[BlackTeam "SG Porz e.V."]
[WhiteTeamCountry "GER"]
[BlackTeamCountry "GER"]

1. d4 Nf6 2. c4 e6 3. g3 d5 4. Nf3 Be7 5. Bg2 O-O 6. O-O c6 7. Qc2 b6 8. Nbd2
Bb7 9. e4 Na6 10. Rd1 Rc8 11. b3 Nb4 12. Qb1 c5 13. exd5 exd5 14. a3 Na6 15.
Bb2 dxc4 16. dxc5 Rxc5 17. Nxc4 Qa8 18. Ne1 Nc7 19. Bxb7 Qxb7 20. Nd3 Rc6 21.
Nde5 Re6 22. Qf5 Ne4 23. Re1 Nc5 24. b4 Na4 25. Bd4 Nb5 26. Be3 Nbc3 27. Bd2 b5
28. Qc2 bxc4 29. Bxc3 Nxc3 30. Qxc3 Bf6 31. Re3 h5 32. Rae1 Rc8 33. h4 Rd8 34.
Kh2 Rd3 35. Rxd3 cxd3 36. f4 Rd6 37. Qc4 Rd8 38. Nxd3 Qf3 0-1

[Event "Bundesliga 0102"]
[Site "Deutschland"]
[Date "2002.02.02"]
[Round "6.6"]
[White "Van den Doel, Erik"]
[Black "Dinstuhl, Volkmar"]
[Result "1/2-1/2"]
[WhiteElo "2607"]
[BlackElo "2402"]
[PlyCount "68"]
[EventDate "2001.10.06"]
[EventType "team"]
[EventRounds "15"]
[EventCountry "GER"]
[SourceTitle "Bundesliga 0102"]
[Source "DeepChess"]
[SourceDate "2005.01.01"]
[SourceVersion "1"]
[SourceVersionDate "2005.01.01"]
[SourceQuality "1"]
[WhiteTeam "SG Porz e.V."]
[BlackTeam "SV Castrop Rauxel 1923"]
[WhiteTeamCountry "GER"]
[BlackTeamCountry "GER"]

1. e4 c5 2. Nf3 d6 3. d4 cxd4 4. Nxd4 Nf6 5. Nc3 a6 6. Be3 e5 7. Nb3 Be6 8. f3
Be7 9. Qd2 O-O 10. O-O-O Nbd7 11. g4 Qc7 12. Kb1 b5 13. g5 Nh5 14. Ne2 Rac8 15.
Ng3 Nf4 16. h4 d5 17. Bxf4 exf4 18. exd5 fxg3 19. dxe6 Ne5 20. exf7+ Rxf7 21.
Bh3 Rd8 22. Qe2 Rxd1+ 23. Rxd1 Rxf3 24. Nd4 Rf2 25. Qe4 Bf8 26. h5 Nc4 27. Nf5
Nd2+ 28. Rxd2 Rxd2 29. c3 g2 30. Bxg2 Qh2 31. a3 Qxg2 32. Nh6+ gxh6 33. Qe6+
Kh8 34. Qe5+ Kg8 1/2-1/2

[Event "Bundesliga 0102"]
[Site "Deutschland"]
[Date "2002.02.02"]
[Round "6.7"]
[White "Brendel, Oliver"]
[Black "Nijboer, Friso"]
[Result "1/2-1/2"]
[WhiteElo "2376"]
[BlackElo "2551"]
[PlyCount "128"]
[EventDate "2001.10.06"]
[EventType "team"]
[EventRounds "15"]
[EventCountry "GER"]
[SourceTitle "Bundesliga 0102"]
[Source "DeepChess"]
[SourceDate "2005.01.01"]
[SourceVersion "1"]
[SourceVersionDate "2005.01.01"]
[SourceQuality "1"]
[WhiteTeam "SV Castrop Rauxel 1923"]
[BlackTeam "SG Porz e.V."]
[WhiteTeamCountry "GER"]
[BlackTeamCountry "GER"]

1. e4 c5 2. Nf3 Nc6 3. Nc3 d6 4. d4 cxd4 5. Nxd4 Nf6 6. f3 e5 7. Nb3 Be7 8. Be3
O-O 9. Qd2 a5 10. Bb5 Na7 11. Be2 Be6 12. O-O Nc8 13. f4 a4 14. fxe5 dxe5 15.
Qxd8 Rxd8 16. Nc5 Nd6 17. N3xa4 Ndxe4 18. Nxe6 fxe6 19. Nb6 Nd5 20. Nxd5 exd5
21. Rf5 Bf6 22. Bb6 Rd6 23. Bc7 Rc6 24. Bxe5 Bxe5 25. Rxe5 Rxc2 26. Bd3 Rxb2
27. Rxd5 Nf6 28. Rb5 Rxb5 29. Bxb5 Kf8 30. Bc4 Rc8 31. Bb3 h5 32. g3 Rc5 33.
Rd1 Ke7 34. Rd4 Re5 35. Bc4 Re1+ 36. Kg2 Ng4 37. h3 Ne5 38. Kf2 Rb1 39. Bb3
Rb2+ 40. Ke3 Rg2 41. Rb4 Rxg3+ 42. Kf4 Nd3+ 43. Kxg3 Nxb4 44. Kh4 Kf6 45. Kxh5
Kf5 46. a3 Na6 47. Bc2+ Kf6 48. h4 Nc7 49. Kg4 Ne6 50. Bd3 b6 51. Bc4 Nd4 52.
a4 Nf5 53. Bd3 Ne3+ 54. Kf4 Nd5+ 55. Kg4 Nc3 56. Bc2 Ne2 57. Bb3 Nd4 58. Bc4 g6
59. Bd3 Ne6 60. Bc2 Nc5 61. Kf4 Kg7 62. Ke5 Kh6 63. Kd5 Nxa4 64. Bxa4 Kh5
1/2-1/2

[Event "Bundesliga 0102"]
[Site "Deutschland"]
[Date "2002.02.02"]
[Round "6.8"]
[White "Reinderman, Dimitri"]
[Black "Lemmers, Oscar"]
[Result "0-1"]
[WhiteElo "2537"]
[BlackElo "2398"]
[PlyCount "136"]
[EventDate "2001.10.06"]
[EventType "team"]
[EventRounds "15"]
[EventCountry "GER"]
[SourceTitle "Bundesliga 0102"]
[Source "DeepChess"]
[SourceDate "2005.01.01"]
[SourceVersion "1"]
[SourceVersionDate "2005.01.01"]
[SourceQuality "1"]
[WhiteTeam "SG Porz e.V."]
[BlackTeam "SV Castrop Rauxel 1923"]
[WhiteTeamCountry "GER"]
[BlackTeamCountry "GER"]

1. e4 c5 2. Nf3 e6 3. Nc3 a6 4. d4 cxd4 5. Nxd4 Qc7 6. Be2 Bc5 7. Be3 Nf6 8.
O-O d6 9. Qd3 b5 10. Bf3 Nbd7 11. Rfd1 Ne5 12. Qe2 O-O 13. Bg5 Bb7 14. a3 Rac8
15. Rab1 Rfe8 16. h3 Nc4 17. Bxf6 gxf6 18. Na2 Ne5 19. Rbc1 Ba7 20. c3 Qc4 21.
Nb4 Qxe2 22. Nxe2 Red8 23. Ra1 a5 24. Nd3 Nxf3+ 25. gxf3 d5 26. e5 fxe5 27.
Nxe5 f6 28. Ng4 Kf7 29. Nd4 Bxd4 30. cxd4 Rc2 31. b4 a4 32. Rd3 Rdc8 33. Rad1
Rc1 34. Rxc1 Rxc1+ 35. Kg2 Ke7 36. Ne3 Bc6 37. f4 Kd6 38. Kf3 Be8 39. f5 Bh5+
40. Kg3 Be2 41. Rd2 Bc4 42. fxe6 Rc3 43. Kf4 Kxe6 44. Rd1 Bd3 45. Re1 Kd6 46.
Ng4 Rxa3 47. Nxf6 Bg6 48. Re5 Rxh3 49. Rxd5+ Ke6 50. Rxb5 Kxf6 51. Rb6+ Ke7 52.
Ra6 Be8 53. d5 Bb5 54. Ra5 Bd7 55. Ke5 Rh5+ 56. Ke4 Rh2 57. f4 h5 58. b5 Ra2
59. Ke5 Re2+ 60. Kd4 h4 61. Rxa4 h3 62. Ra8 h2 63. Rh8 Bxb5 64. Rh6 Kf7 65. f5
Kg7 66. Rh3 Kf6 67. Rh5 Be8 68. Rh8 Kxf5 0-1

[Event "Bundesliga 0102"]
[Site "Deutschland"]
[Date "2002.02.03"]
[Round "7.1"]
[White "Dautov, Rustem"]
[Black "Rozentalis, Eduardas"]
[Result "1/2-1/2"]
[WhiteElo "2630"]
[BlackElo "2588"]
[PlyCount "36"]
[EventDate "2001.10.06"]
[EventType "team"]
[EventRounds "15"]
[EventCountry "GER"]
[SourceTitle "Bundesliga 0102"]
[Source "DeepChess"]
[SourceDate "2005.01.01"]
[SourceVersion "1"]
[SourceVersionDate "2005.01.01"]
[SourceQuality "1"]
[WhiteTeam "Godesberger SK 1929"]
[BlackTeam "SV Castrop Rauxel 1923"]
[WhiteTeamCountry "GER"]
[BlackTeamCountry "GER"]

1. d4 Nf6 2. c4 e6 3. Nf3 b6 4. a3 Bb7 5. Nc3 d5 6. cxd5 exd5 7. Bg5 Be7 8.
Qa4+ c6 9. e3 O-O 10. Bd3 Nbd7 11. O-O c5 12. Ne5 h6 13. Nxd7 Nxd7 14. Bxe7
Qxe7 15. Rfd1 Nf6 16. dxc5 bxc5 17. Be2 Rfd8 18. Qf4 Rab8 1/2-1/2

[Event "Bundesliga 0102"]
[Site "Deutschland"]
[Date "2002.02.03"]
[Round "7.2"]
[White "Doettling, Fabian"]
[Black "Gurevich, Mikhail"]
[Result "1/2-1/2"]
[WhiteElo "2518"]
[BlackElo "2633"]
[PlyCount "56"]
[EventDate "2001.10.06"]
[EventType "team"]
[EventRounds "15"]
[EventCountry "GER"]
[SourceTitle "Bundesliga 0102"]
[Source "DeepChess"]
[SourceDate "2005.01.01"]
[SourceVersion "1"]
[SourceVersionDate "2005.01.01"]
[SourceQuality "1"]
[WhiteTeam "SV Castrop Rauxel 1923"]
[BlackTeam "Godesberger SK 1929"]
[WhiteTeamCountry "GER"]
[BlackTeamCountry "GER"]

1. d4 d6 2. Nf3 g6 3. c4 f5 4. g3 Bg7 5. Bg2 Nf6 6. O-O O-O 7. Nc3 Qe8 8. Nd5
Nxd5 9. cxd5 c6 10. dxc6 Nxc6 11. d5 Ne5 12. Nd4 Qd8 13. Qb3 Qb6 14. Rd1 Qxb3
15. axb3 Bd7 16. h3 Rfc8 17. f4 Nf7 18. Be3 a6 19. Rd2 Bf6 20. Bf3 g5 21. Ne6
gxf4 22. gxf4 Kh8 23. Kh2 Rg8 24. Bb6 Rac8 25. e3 Bb5 26. Nd4 Bd7 27. Ne6 Bb5
28. Nd4 Bd7 1/2-1/2